000 00686nam a2200205Ii 4500
003 JO-AjNU
008 230605s9999||||xx |||||||||||||| ||und||
017 _a2004/3/622
040 _aJO-AjNU
_bara
_erda
_cJO-AjNU
041 _aara
050 1 4 _aPJ7814 2004
100 3 _aتأليف المستريحي،محمود شلاش,
_eauthor
_99050
245 0 0 _aنغم في محراب الوطن: المجموعة الثانية
264 3 1 _aعمان:المؤلف،2004
300 _a64ص
336 _atext
_btxt
_2rdacontent
337 _aunmediated
_bn
_2rdamedia
338 _avolume
_bnc
_2rdacarrier
650 4 _aالشعر العربي - العصر الحديث - الأردن
_99051
999 _aA1101
_c4669
_d4669